[Event "Ch Hungary (team)"]
[Site "masterchessopen.com - Hungary"]
[Round "9"]
[White "Gyurkovics Miklos (HUN)"]
[Black "Vanczak Attila (HUN)"]
[Result "1-0"]
[WhiteElo "2135"]
[BlackElo "2224"]

1.c4 f5 2.d4 Nf6 3.g3 g6 4.Bg2 Bg7 5.Nf3 d6 6.O-O O-O 7.Nc3 c6 8.b3 Na6 9.Bb2
Qe8 10.d5 c5 11.Nb5 h6 12.e3 Bd7 13.a4 g5 14.Nd2 Qf7 15.Qe2 Nb4 16.f4 Ng4
17.Bxg7 Qxg7 18.h3 Nxe3 19.Qxe3 Bxb5 20.cxb5 Nc2 21.Qe6+ Rf7 22.fxg5 hxg5
23.Rad1 Qd4+ 24.Kh1 Ne3 25.Nf3 {#r} 1-0

[Event "Memorial S.Belavenets"]
[Site "masterchessopen.com - Smolensk (Russia)"]
[Round "5"]
[White "Zhukhovitsky Samuel (RUS)"]
[Black "Cherniaev Alexander (RUS)"]
[Result "0-1"]
[WhiteElo "2346"]
[BlackElo "2278"]

1.d4 f5 2.Nf3 Nf6 3.g3 g6 4.Bg2 Bg7 5.O-O O-O 6.c4 d6 7.Nc3 c6 8.Bf4 h6 9.Qd3
g5 10.Bc1 Na6 11.Rd1 Qe8 12.d5 c5 13.a3 Qh5 14.Bd2 Bd7 15.Rf1 Rf7 16.Rae1 f4
17.Kh1 Ng4 18.gxf4 gxf4 19.Qc2 Be5 20.h3 Raf8 21.Nd1 Rg7 22.Ng1 Kh8 23.Qd3
Rfg8 24.Qf3 Qh4 25.Bxf4 Nf6 26.Bxe5 dxe5 {#R} 0-1

[Event "It (open)"]
[Site "masterchessopen.com - Zaragoza (Spain)"]
[Round "3"]
[White "Gavin Roche Enrique (ESP)"]
[Black "Antonano Avelino (ESP)"]
[Result "0-1"]
[WhiteElo "2253"]
[BlackElo "2153"]

1.d4 f5 2.c4 Nf6 3.g3 g6 4.Nf3 Bg7 5.Bg2 O-O 6.O-O d6 7.Nc3 c6 8.d5 Bd7 9.Qc2
Na6 10.Nd2 Rc8 11.a3 cxd5 12.Nxd5 Bc6 13.Nf4 Qd7 14.Rb1 Bxg2 15.Nxg2 b5 16.Qb3
bxc4 17.Nxc4 Nc5 18.Qa2 Qe6 19.Nf4 Qf7 20.b3 Nfe4 21.Bb2 e5 22.Nd3 Qe6 23.Nxc5
Rxc5 24.f3 Ng5 25.Kg2 f4 26.g4 d5 {#R} 0-1

[Event "It (open)"]
[Site "masterchessopen.com - Ajka (Hungary)"]
[Round "0"]
[White "Kozma Karoly (HUN)"]
[Black "Csaba Arpad Jr (HUN)"]
[Result "1-0"]
[WhiteElo "2290"]
[BlackElo "2139"]

1.Nf3 f5 2.g3 Nf6 3.Bg2 c6 4.O-O d6 5.d4 g6 6.c4 Bg7 7.Nc3 O-O 8.b3 Qc7 9.Re1
e5 10.e4 fxe4 11.Nxe4 Nxe4 12.Rxe4 d5 13.cxd5 cxd5 14.Rxe5 Bxe5 15.dxe5 Bg4
16.Qxd5+ Kg7 17.Bb2 Qc2 18.Qxb7+ Nd7 19.Bd4 Kh6 20.Be3+ Kg7 21.e6 Bxe6 22.Nd4
{#r} 1-0

[Event "It (open)"]
[Site "masterchessopen.com - Bad Woerishofen (Germany)"]
[Round "0"]
[White "Gabriel Christian (GER)"]
[Black "Schwekendiek Ulrich (GER)"]
[Result "1-0"]
[WhiteElo "2490"]
[BlackElo "2268"]

1.d4 f5 2.Nf3 Nf6 3.g3 g6 4.Bg2 Bg7 5.O-O O-O 6.c4 d6 7.Nc3 c6 8.d5 e5 9.dxe6
Bxe6 10.Qd3 Na6 11.Bf4 Ne8 12.Ng5 Nc5 13.Nxe6 Nxe6 14.Bd2 Qe7 15.Rad1 Rd8
16.Be3 a6 17.Bb6 Rd7 18.f4 Nf6 19.b4 d5 20.cxd5 Qxb4 21.Qe3 Nd8 22.dxc6 Rxd1
23.Rxd1 Ng4 24.Qc5 Nxc6 25.Bxc6 Qxc3 26.Qxc3 Bxc3 27.Bxb7 Rb8 28.Rd7 Nf6
29.Rc7 a5 30.Ba7 {#r} 1-0

[Event "Ch Bulgaria (team)"]
[Site "masterchessopen.com - Bankja (Bulgaria)"]
[Round "4"]
[White "Todorov Ivailo (BUL)"]
[Black "Panbukchian Valentin (BUL)"]
[Result "0-1"]
[WhiteElo "2285"]
[BlackElo "2365"]

1.d4 f5 2.g3 Nf6 3.Bg2 g6 4.Nf3 Bg7 5.O-O O-O 6.c4 d6 7.Nc3 c6 8.d5 e5 9.dxe6
Bxe6 10.b3 Na6 11.Nd4 Bf7 12.Bb2 Qe7 13.Qc2 Rfe8 14.Rad1 Rad8 15.Ba3 Qc7
16.Bxd6 Rxd6 17.Ndb5 cxb5 18.Nxb5 Rxd1 19.Nxc7 Rxf1+ 20.Kxf1 Nxc7 21.Bxb7 Rd8
22.Qc1 Ne4 23.Bxe4 fxe4 24.Qf4 Ne8 25.Qxe4 Nf6 26.Qb7 Rd7 27.Qc8+ Bf8 28.f3
Kg7 {#R} 0-1

[Event "Ch France"]
[Site "masterchessopen.com - France"]
[Round "10"]
[White "Anic Darko (FRA)"]
[Black "Bricard Emmanuel (FRA)"]
[Result "1-0"]
[WhiteElo "2424"]
[BlackElo "2485"]

1.Nf3 d6 2.d4 g6 3.c4 Bg7 4.g3 f5 5.Nc3 Nf6 6.Bg2 O-O 7.O-O c6 8.d5 e5 9.dxe6
Bxe6 10.Qd3 Na6 11.Bf4 Ne8 12.Rad1 Nb4 13.Qe3 Bxc4 14.Ne5 Bf7 15.Nxf7 Rxf7
16.Bxd6 Nxd6 17.Qf4 Bxc3 18.bxc3 Na6 19.Rxd6 Qa5 20.Qd2 Re8 21.Rd1 Qe5 22.Qd4
Nc7 23.Rb1 Qxd4 24.Rxd4 Nb5 25.Rd3 Rxe2 26.c4 Nc7 27.Rxb7 Rxa2 28.Bxc6 a5
29.Bd7 {#r} 1-0

[Event "Ch Austria (1/2 final)"]
[Site "masterchessopen.com - Hartberg (Austria)"]
[Round "0"]
[White "Zoebisch Herbert (AUT)"]
[Black "Dohr Alexander (AUT)"]
[Result "1-0"]
[WhiteElo "2149"]
[BlackElo "2193"]

1.d4 c6 2.c4 f5 3.g3 g6 4.Bg2 Nf6 5.Nf3 Bg7 6.O-O d6 7.Nc3 O-O 8.d5 c5 9.Rb1
Nh5 10.Qd2 Na6 11.b3 Bd7 12.Bb2 Nc7 13.a4 b6 14.e4 f4 15.Ne2 Qc8 16.Bxg7 Kxg7
17.gxf4 Kg8 18.f5 gxf5 19.Qg5+ Ng7 20.e5 Qd8 21.Nf4 Be8 22.Qh6 e6 23.Ng5 {#r}
1-0

[Event "It (open)"]
[Site "masterchessopen.com - Helsinki (Finland)"]
[Round "9"]
[White "Lammi Jyri (FIN)"]
[Black "Pyhala Antti (FIN)"]
[Result "0-1"]
[WhiteElo "2152"]
[BlackElo "2305"]

1.g3 f5 2.d4 Nf6 3.Bg2 g6 4.Nf3 Bg7 5.O-O O-O 6.c4 d6 7.Nc3 c6 8.Rb1 Qe8 9.d5
Na6 10.b3 h6 11.Bb2 g5 12.Nd4 Bd7 13.a3 Rc8 14.Re1 Nc5 15.f3 cxd5 16.Nxd5 Nxd5
17.cxd5 Qf7 18.b4 Na4 19.f4 Nxb2 20.Rxb2 gxf4 21.gxf4 Kh8 22.Kh1 Rg8 23.Qd3
Bf6 24.Bf3 Rg7 25.Rc2 Rcg8 26.Nxf5 Bxf5 27.Qxf5 Bd4 {#R} 0-1

[Event "It (open)"]
[Site "masterchessopen.com - Karvina (Czech Republic)"]
[Round "7"]
[White "Kopec Mariusz (POL)"]
[Black "Cempel Jaroslav (CZE)"]
[Result "1-0"]
[WhiteElo "2118"]
[BlackElo "2211"]

1.c4 f5 2.Nc3 Nf6 3.d4 g6 4.g3 Bg7 5.Bg2 d6 6.Nf3 c6 7.O-O O-O 8.Bf4 Nh5 9.Qb3
Kh8 10.Rad1 Qc7 11.Kh1 Na6 12.d5 Nxf4 13.gxf4 e5 14.fxe5 dxe5 15.Qa3 e4 16.Ng5
Qf4 17.Nh3 Qh4 18.f4 exf3 19.Rxf3 f4 20.Rdf1 g5 21.Qe7 h6 22.Rxf4 Rxf4 23.Rxf4
Bg4 24.Nf2 h5 25.Rf7 Rg8 26.Rxg7 {#r} 1-0

[Event "Olympiad"]
[Site "masterchessopen.com - Manila (Philippines)"]
[Round "4"]
[White "Costa Jean-Luc (SUI)"]
[Black "Pyhala Antti (FIN)"]
[Result "1-0"]
[WhiteElo "2450"]
[BlackElo "2305"]

1.d4 f5 2.g3 Nf6 3.Bg2 g6 4.Nf3 Bg7 5.O-O O-O 6.c4 d6 7.Nc3 c6 8.b3 Kh8 9.Bb2
Qe8 10.Qc2 d5 11.e3 Be6 12.Ne2 Nbd7 13.Nf4 Bg8 14.Rac1 dxc4 15.bxc4 Nb6 16.Qe2
Ne4 17.Ne5 Bxe5 18.dxe5 h6 19.Bxe4 fxe4 20.e6+ Kh7 21.Qc2 Rd8 22.Qxe4 Rd2
23.Bc3 Rxa2 24.h4 Na4 25.h5 Nxc3 26.hxg6+ Kh8 27.Rxc3 Rf6 28.Rd1 Qc8 29.g7+
Kxg7 30.Nh5+ {#r} 1-0

[Event "Memorial M.Tal"]
[Site "masterchessopen.com - Moscow (Russia)"]
[Round "11"]
[White "Naumkin Igor (RUS)"]
[Black "Yilmaz Turhan (TUR)"]
[Result "1-0"]
[WhiteElo "2460"]
[BlackElo "2390"]

1.d4 f5 2.c4 Nf6 3.g3 g6 4.Bg2 Bg7 5.Nf3 O-O 6.O-O d6 7.Nc3 c6 8.d5 e5 9.dxe6
Bxe6 10.Qd3 Na6 11.Ng5 Bc8 12.Bf4 Nh5 13.Qxd6 Nxf4 14.Qxf4 h6 15.Nf3 g5 16.Qc1
Be6 17.Rd1 Qe7 18.h4 f4 19.hxg5 hxg5 20.Ne4 Bf5 21.Nfxg5 fxg3 22.Nxg3 Qe5
23.Nf3 Qxb2 24.Nxf5 Qxa1 25.Ne7+ Kf7 26.Qd2 Rad8 27.Nd5 Qb2 28.Qf4+ Bf6 29.Qf5
Rg8 30.Rb1 {#r} 1-0

[Event "It"]
[Site "masterchessopen.com - Muenster (Germany)"]
[Round "0"]
[White "Hoffmann Michael (GER)"]
[Black "Luecke Norbert (GER)"]
[Result "1-0"]
[WhiteElo "2425"]
[BlackElo "2410"]

1.d4 f5 2.c4 Nf6 3.g3 d6 4.Nf3 g6 5.Bg2 Bg7 6.O-O O-O 7.Nc3 c6 8.d5 a6 9.e4
fxe4 10.Ng5 b5 11.dxc6 bxc4 12.Ncxe4 Kh8 13.Nxf6 exf6 14.c7 Qxc7 15.Bxa8 fxg5
16.Bg2 h6 17.Be3 Nc6 18.Rc1 Ne5 19.Qd5 Qe7 20.Rfd1 Bb7 21.Qxb7 {#r} 1-0

[Event "It (open)"]
[Site "masterchessopen.com - New York (USA)"]
[Round "0"]
[White "Meeres Mark (USA)"]
[Black "Leow Leslie M (SIN)"]
[Result "1-0"]
[WhiteElo "2240"]
[BlackElo "2435"]

1.d4 f5 2.c4 Nf6 3.Nf3 g6 4.Nc3 Bg7 5.g3 O-O 6.Bg2 d6 7.O-O c6 8.d5 Bd7 9.Nd2
e5 10.Qb3 Qb6 11.c5 dxc5 12.dxc6+ Qxb3 13.cxb7 Qb6 14.bxa8=Q Nc6 15.Nd5 Nxd5
16.Bxd5+ Kh8 17.Nc4 Qc7 18.Qxf8+ Bxf8 19.Bd2 Nb4 20.Bc3 Bg7 21.Rfd1 h5 22.Bxb4
cxb4 23.Rac1 e4 24.e3 Bf6 25.Nd6 Qb6 26.Bb3 Kg7 27.Nxe4 fxe4 28.Rxd7+ Kh6
29.Bd5 Qb5 30.Rc6 Kg5 31.Bxe4 {#r} 1-0

[Event "It (cat.10) \"]
[Site "masterchessopen.com - Novy Smokovec (Slovakia)"]
[Round "0"]
[White "Hracek Zbynek (CZE)"]
[Black "Gazik Igor (SVK)"]
[Result "1-0"]
[WhiteElo "2480"]
[BlackElo "2425"]

1.d4 f5 2.g3 Nf6 3.Bg2 g6 4.Nf3 Bg7 5.O-O O-O 6.c4 d6 7.Nc3 c6 8.d5 cxd5
9.cxd5 Na6 10.Be3 Bd7 11.a3 Nc5 12.Rc1 a5 13.Bxc5 dxc5 14.Ne5 Be8 15.Qb3 Ne4
16.Nxe4 fxe4 17.d6+ Kh8 18.d7 Bxd7 19.Nf7+ Rxf7 20.Qxf7 Bxb2 21.Rb1 Bf6
22.Bxe4 Ra6 23.Rfd1 Bd4 24.e3 Rf6 25.Qd5 Rd6 26.Qxb7 Bc8 27.Qa8 Bxe3 28.Rxd6
{#r} 1-0

[Event "NRW-liga (juniors) 1992/93"]
[Site "masterchessopen.com - NRW (Germany)"]
[Round "0"]
[White "Kos Sebastian (GER)"]
[Black "Fehmer Carsten (GER)"]
[Result "1-0"]
[WhiteElo "2208"]
[BlackElo "2113"]

1.d4 d6 2.Nf3 f5 3.c4 g6 4.Nc3 Bg7 5.g3 Nf6 6.Bg2 c6 7.O-O O-O 8.d5 Bd7 9.Re1
Na6 10.Rb1 Nc5 11.Ng5 a5 12.Be3 Na6 13.c5 Ng4 14.Qb3 Kh8 15.dxc6 bxc6 16.cxd6
exd6 17.Nf7+ Rxf7 18.Qxf7 Nxe3 19.fxe3 Nc5 20.Qc4 g5 21.Na4 Be6 22.Qc2 Bxa2
23.Nxc5 Bxb1 24.Rxb1 dxc5 25.Qxf5 Qe7 26.Be4 Be5 27.Rd1 Rf8 28.Rd7 Rxf5
29.Rxe7 Rf6 30.Rxe5 {#r} 1-0

[Event "Ch Armed Forces"]
[Site "masterchessopen.com - Povedniki (Russia)"]
[Round "0"]
[White "Zhelesny Stanislav (RUS)"]
[Black "Cherniaev Alexander (RUS)"]
[Result "1-0"]
[WhiteElo "2159"]
[BlackElo "2278"]

1.Nf3 f5 2.g3 Nf6 3.Bg2 g6 4.c4 Bg7 5.Nc3 O-O 6.d4 d6 7.O-O c6 8.b3 Qe8 9.Ba3
h6 10.Qc2 g5 11.e3 Na6 12.Rae1 Rb8 13.e4 fxe4 14.Nxe4 Qg6 15.Nxf6+ Qxf6 16.Qd2
Bg4 17.Re3 Rf7 18.h3 Bd7 19.Bb2 Rbf8 20.Bc3 Qg6 21.Qe2 Bf6 22.Nh2 Qg7 23.Ng4
Bxg4 24.Qxg4 c5 25.Bd5 cxd4 26.Bxd4 Bxd4 27.Rxe7 Nb4 28.Rxf7 Rxf7 {#r} 1-0

[Event "It (open) \"]
[Site "masterchessopen.com - Santiago (Chile)"]
[Round "6"]
[White "Larrachea Enrique (CHI)"]
[Black "Rodriguez Andres (URU)"]
[Result "1-0"]
[WhiteElo "2293"]
[BlackElo "2505"]

1.Nf3 g6 2.g3 Bg7 3.d4 f5 4.Bg2 Nf6 5.c4 O-O 6.Nc3 d6 7.O-O c6 8.Qc2 Na6 9.a3
Qe8 10.e4 fxe4 11.Nxe4 Nxe4 12.Qxe4 Bf5 13.Qh4 e5 14.Re1 Qd7 15.dxe5 dxe5
16.Bh6 Rae8 17.Rad1 Qc7 18.b4 Bxh6 19.Qxh6 Bg4 20.Bh3 Bxh3 21.Qxh3 Rf5 22.Nh4
Rf7 23.Nf3 Rf5 24.Nd2 Ref8 25.Ne4 Qe7 26.Rd2 Rd8 27.Red1 Rxd2 28.Rxd2 Nc7
29.Nc5 Ne6 30.Rd7 Ng5 31.Qxf5 {#r} 1-0

[Event "Ch Bulgaria (1/2 final)"]
[Site "masterchessopen.com - Sofia (Bulgaria)"]
[Round "9"]
[White "Dobrev Nanko (BUL)"]
[Black "Panbukchian Valentin (BUL)"]
[Result "0-1"]
[WhiteElo "2386"]
[BlackElo "2365"]

1.d4 f5 2.c4 Nf6 3.g3 g6 4.Bg2 Bg7 5.Nf3 O-O 6.O-O d6 7.Nc3 c6 8.b3 Qc7 9.Bb2
Na6 10.Rc1 Bd7 11.Re1 Rae8 12.d5 Nc5 13.Qc2 a5 14.Nd2 Qb6 15.e4 Ng4 16.Re2 Ne5
17.exf5 Ned3 18.Rb1 Nxb2 19.Rxb2 Bxf5 20.Nde4 Nxe4 21.Bxe4 Bxe4 22.Nxe4 cxd5
23.cxd5 Bxb2 24.Qxb2 Rf5 25.Rd2 Qb4 26.Rd4 Qe1+ 27.Kg2 Rxd5 {#R} 0-1

[Event "It (open)"]
[Site "masterchessopen.com - Somerset (USA)"]
[Round "0"]
[White "Paschall William M (USA)"]
[Black "Volovich Anatoly A (USA)"]
[Result "0-1"]
[WhiteElo "2384"]
[BlackElo "2375"]

1.d4 f5 2.Nf3 Nf6 3.g3 g6 4.Bg2 Bg7 5.O-O O-O 6.c4 d6 7.Nc3 c6 8.d5 e5 9.dxe6
Bxe6 10.Qa4 Kh8 11.Rd1 Na6 12.Bf4 d5 13.Nd4 Bd7 14.cxd5 cxd5 15.Qa3 Qb6 16.e3
Nc5 17.Be5 Nce4 18.Bxf6 Nxf6 19.Nxd5 Nxd5 20.Bxd5 Rad8 21.Qb3 Bc8 22.Qxb6 axb6
23.Bg2 f4 24.gxf4 Bxd4 25.Rxd4 Rxd4 26.exd4 Rxf4 27.Rd1 Bg4 28.Rd2 Bf3 29.d5
Rg4 {#R} 0-1

[Event "It (a)"]
[Site "masterchessopen.com - Tel Aviv (Israel)"]
[Round "8"]
[White "Rechlis Gad (ISR)"]
[Black "Berkovich Mark A (ISR)"]
[Result "1-0"]
[WhiteElo "2515"]
[BlackElo "2455"]

1.d4 f5 2.c4 Nf6 3.Nc3 g6 4.g3 Bg7 5.Bg2 O-O 6.Nf3 d6 7.O-O c6 8.b3 a5 9.Bb2
Na6 10.Re1 Nh5 11.d5 Bd7 12.Qd2 Nc5 13.e4 fxe4 14.Nxe4 Bxb2 15.Nxc5 Bxa1
16.Nxd7 Qxd7 17.Rxa1 Ng7 18.Re1 a4 19.dxc6 bxc6 20.Ne5 Qc7 21.Nxc6 e6 22.b4 a3
23.Rd1 Nf5 24.b5 Rae8 25.Qb4 Qb6 26.Qxa3 h5 27.Qa7 Qc5 28.Qxc5 dxc5 29.a4 Ne7
30.a5 Nc8 31.b6 Rf7 32.Nd8 {#r} 1-0

[Event "It (open)"]
[Site "masterchessopen.com - Wisla (Poland)"]
[Round "0"]
[White "Dymerski Henryk (POL)"]
[Black "Borngaesser Rene (GER)"]
[Result "1-0"]
[WhiteElo "2265"]
[BlackElo "2360"]

1.Nf3 g6 2.d4 Bg7 3.c4 f5 4.Nc3 Nf6 5.g3 O-O 6.Bg2 d6 7.O-O c6 8.Re1 Na6 9.b3
Qa5 10.Bb2 Bd7 11.Qd2 e5 12.Rad1 Rad8 13.e4 f4 14.dxe5 dxe5 15.Nd5 Qc5 16.b4
Qd6 17.Nxf6+ Qxf6 18.Bxe5 Qe6 19.Bxg7 Kxg7 20.Qc3+ Kh6 21.gxf4 Rxf4 22.Ne5
Rff8 23.Nxd7 {#r} 1-0

[Event "Tournament"]
[Site "masterchessopen.com - Aarhus (Denmark)"]
[Round "5"]
[White "Jensen Jacob Bjerre (DEN)"]
[Black "Jensen Vagn (DEN)"]
[Result "0-1"]
[WhiteElo "2172"]
[BlackElo "2156"]

1.Nf3 g6 2.g3 Bg7 3.d4 f5 4.Bg2 Nf6 5.c4 O-O 6.O-O d6 7.Nc3 c6 8.d5 e5 9.dxe6
Bxe6 10.Qd3 Ne4 11.Nd4 Bf7 12.Nxe4 fxe4 13.Bxe4 Nd7 14.Bg2 Ne5 15.Qd1 Nxc4
16.Rb1 Qb6 17.Nf3 Bd5 18.Nd2 Bxg2 19.Nxc4 Qc5 20.Kxg2 Qxc4 21.Qxd6 Qe4+ {#R}
0-1

[Event "It (open)"]
[Site "masterchessopen.com - Bad Woerishofen (Germany)"]
[Round "3"]
[White "Magerramov Elmar (AZE)"]
[Black "Renner Christoph (GER)"]
[Result "1-0"]
[WhiteElo "2517"]
[BlackElo "2432"]

1.d4 f5 2.c4 Nf6 3.Nc3 d6 4.g3 g6 5.Bg2 Bg7 6.Nf3 O-O 7.O-O c6 8.d5 e5 9.e4
cxd5 10.cxd5 Na6 11.exf5 Bxf5 12.Ng5 Nc5 13.b4 Nd3 14.Ne6 Bxe6 15.dxe6 e4
16.Bg5 d5 17.Qb3 Kh8 18.Nxd5 Qxd5 19.Bxf6 Qf5 20.Bxg7+ Kxg7 21.Qc4 {#r} 1-0

[Event "It (cat.4)"]
[Site "masterchessopen.com - Bucharest (Romania)"]
[Round "0"]
[White "Musat Adrian (ROM)"]
[Black "Bogdan Dan (ROM)"]
[Result "0-1"]
[WhiteElo "2382"]
[BlackElo "2367"]

1.Nf3 f5 2.g3 g6 3.Bg2 Bg7 4.d4 Nf6 5.O-O O-O 6.c4 d6 7.Nc3 c6 8.b3 Qe8 9.Ba3
h6 10.Re1 Ne4 11.Bb2 e5 12.Nxe4 fxe4 13.Nd2 d5 14.dxe5 Bxe5 15.Qc2 Nd7 16.cxd5
cxd5 17.Rad1 Nf6 18.Bxe5 Qxe5 19.Nb1 Ng4 20.Rf1 Qh5 21.h4 Be6 22.Nc3 Qe5
23.Nb5 Rxf2 24.Rxf2 Qxg3 25.e3 Qh2+ 26.Kf1 Nxe3+ {#R} 0-1

[Event "It (open) \"]
[Site "masterchessopen.com - Budapest (Hungary)"]
[Round "5"]
[White "Danner Georg (AUT)"]
[Black "Schwekendiek Ulrich (GER)"]
[Result "1-0"]
[WhiteElo "2408"]
[BlackElo "2268"]

1.d4 f5 2.g3 Nf6 3.Bg2 g6 4.Nf3 Bg7 5.O-O O-O 6.c4 d6 7.Nc3 c6 8.b3 a5 9.Bb2
Na6 10.Qc2 Bd7 11.Rae1 Qc7 12.a3 e5 13.dxe5 dxe5 14.e4 Nc5 15.Nxe5 Be6 16.Nf3
Rad8 17.Ng5 Bc8 18.e5 Ng4 19.Nd5 cxd5 20.Bxd5+ Rxd5 21.cxd5 h6 22.Nf3 h5
23.Rc1 Qb6 24.Qxc5 Qxb3 25.Bc3 b6 26.Qc6 f4 27.e6 {#r} 1-0

[Event "It (open)"]
[Site "masterchessopen.com - California (USA)"]
[Round "0"]
[White "Stein Alan (USA)"]
[Black "Kaugars Agnis (USA)"]
[Result "1-0"]
[WhiteElo "2401"]
[BlackElo "2119"]

1.g3 f5 2.Bg2 Nf6 3.c4 g6 4.Nf3 Bg7 5.O-O O-O 6.Nc3 c6 7.d4 d6 8.b3 a5 9.Bb2
Na6 10.a3 Qc7 11.b4 e5 12.b5 e4 13.bxa6 exf3 14.Bxf3 Rxa6 15.Bc1 Be6 16.Qd3
Nd7 17.Bf4 Ne5 18.dxe5 dxe5 19.Qe3 Bxc4 20.Bh6 Bxh6 21.Qxh6 e4 22.Bg2 Qe5
23.Qe3 c5 24.Rab1 Rf7 25.Rfd1 Kg7 26.h4 h6 27.Na4 Rc7 28.Qc3 Qxc3 29.Nxc3 {#r}
1-0

[Event "It (open)"]
[Site "masterchessopen.com - Cannes (France)"]
[Round "0"]
[White "Pigusov Evgeny (RUS)"]
[Black "Anic Darko (FRA)"]
[Result "1-0"]
[WhiteElo "2585"]
[BlackElo "2440"]

1.Nf3 c6 2.g3 g6 3.c4 f5 4.Nc3 Nf6 5.Bg2 Bg7 6.O-O O-O 7.d4 d6 8.d5 Qe8 9.Nd4
e5 10.dxc6 exd4 11.cxb7 Bxb7 12.Bxb7 dxc3 13.Bxa8 Nc6 14.Bxc6 Qxc6 15.bxc3 Ne4
16.Qd3 Rc8 17.Bd2 Qxc4 18.Qxc4+ Rxc4 19.Rfd1 Ra4 20.Be1 Kf7 21.Rab1 Ke6 22.Rb7
Bf8 23.f3 Nc5 24.Rxh7 Rxa2 25.Bf2 Nd7 26.Rb1 Rxe2 27.Kf1 {#r} 1-0

[Event "It (open)"]
[Site "masterchessopen.com - Cannes (France)"]
[Round "0"]
[White "Plesec Damjan (SLO)"]
[Black "Legky Nikolay A (UKR)"]
[Result "0-1"]
[WhiteElo "2304"]
[BlackElo "2421"]

1.Nf3 f5 2.c4 Nf6 3.g3 g6 4.Bg2 Bg7 5.O-O d6 6.d4 O-O 7.Nc3 c6 8.Rb1 Ne4
9.Nxe4 fxe4 10.Ne1 d5 11.cxd5 Qxd5 12.Be3 Nd7 13.b3 Nf6 14.Qc2 Qh5 15.Qd2 Ng4
16.h4 Nxe3 17.Qxe3 Bh6 18.Qc3 Qxe2 19.Nc2 Rf7 20.Rbe1 Qd3 21.Qc5 Rf5 22.Bxe4
Rxc5 23.Bxd3 Rc3 24.Bc4+ Kf8 25.Ne3 b5 26.Nd1 Rc1 27.Be6 Rxd1 {#R} 0-1

[Event "It (open)"]
[Site "masterchessopen.com - Cannes (France)"]
[Round "0"]
[White "Wilson Jonathan (ENG)"]
[Black "Anic Darko (FRA)"]
[Result "0-1"]
[WhiteElo "2293"]
[BlackElo "2440"]

1.d4 c6 2.c4 f5 3.Nf3 Nf6 4.g3 g6 5.Bg2 Bg7 6.O-O O-O 7.Nc3 d6 8.b3 Na6 9.Bb2
Qe8 10.Rc1 h6 11.Qc2 g5 12.d5 Bd7 13.Nd2 Rc8 14.dxc6 bxc6 15.e4 f4 16.Na4 Nb4
17.Qb1 Qh5 18.a3 fxg3 19.fxg3 Ng4 20.Rxf8+ Rxf8 21.Nf1 Rxf1+ 22.Kxf1 Qf7+
23.Kg1 Qf2+ 24.Kh1 Ne3 25.Rg1 Nbc2 26.Bxg7 Bg4 27.h3 Qxg3 28.Bd4 Bf3 {#R} 0-1

[Event "It (open)"]
[Site "masterchessopen.com - Eger (Hungary)"]
[Round "4"]
[White "Brunner Gerhard (AUT)"]
[Black "Persson Hakon (SWE)"]
[Result "0-1"]
[WhiteElo "1962"]
[BlackElo "2168"]

1.d4 f5 2.c4 Nf6 3.g3 g6 4.Bg2 Bg7 5.Nc3 c6 6.Nf3 O-O 7.O-O d6 8.Qb3 Kh8 9.Bf4
Na6 10.Rad1 Rb8 11.Rfe1 Nh5 12.Bc1 Qc7 13.e4 f4 14.e5 Bg4 15.exd6 exd6 16.Ne2
fxg3 17.fxg3 Rbe8 18.Rd3 Qf7 19.Re3 Rxe3 20.Qxe3 {#R} 0-1

[Event "Bundesliga (2nd) East 1992/93"]
[Site "masterchessopen.com - Germany"]
[Round "0"]
[White "Liebert Heinz (GER)"]
[Black "Karasek Christian"]
[Result "1-0"]
[WhiteElo "2247"]
[BlackElo "2025"]

1.c4 f5 2.Nc3 Nf6 3.Nf3 g6 4.g3 Bg7 5.Bg2 O-O 6.O-O d6 7.d4 c6 8.d5 c5 9.e4
fxe4 10.Ng5 Na6 11.Ncxe4 Nxe4 12.Bxe4 Nc7 13.Nxh7 Bf5 14.Nxf8 Bxe4 15.Re1 Bf5
16.Ne6 Nxe6 17.dxe6 g5 18.Qd5 Qf8 19.Bxg5 Bd4 20.Bxe7 Bxf2+ 21.Kxf2 Qxe7
22.Kg1 Bg6 23.Rf1 Re8 24.Rae1 a6 25.Rf7 {#r} 1-0

[Event "Ch JBLN East 1992/93"]
[Site "masterchessopen.com - Germany"]
[Round "0"]
[White "Nocke Thomas (GER)"]
[Black "Miersch Marco (GER)"]
[Result "0-1"]
[WhiteElo "2191"]
[BlackElo "2130"]

1.c4 d6 2.Nc3 g6 3.Nf3 Bg7 4.d4 f5 5.g3 Nf6 6.Bg2 O-O 7.O-O c6 8.Qb3 Qe8 9.d5
Na6 10.Nd4 Nc5 11.Qd1 e5 12.dxe6 Nxe6 13.Nxe6 Bxe6 14.Qd3 Qf7 15.Qxd6 Rad8
16.Qa3 Bxc4 17.Be3 a6 18.b3 Be6 19.Rac1 Nh5 20.Bg5 Rd7 21.Na4 f4 22.Nc5 Rd2
23.Qb4 Rxe2 24.Bf3 Re5 25.Nxe6 Rxe6 26.Bxh5 gxh5 27.Qxf4 Qg6 28.Qd2 Rd6 29.Qe3
Bd4 30.Qe7 Re6 {#R} 0-1

[Event "Ch SEM (Gr.A)"]
[Site "masterchessopen.com - Germany"]
[Round "1"]
[White "Baecker Horst (GER)"]
[Black "Schmitz Thorsten (GER)"]
[Result "1-0"]
[WhiteElo "2007"]
[BlackElo "2329"]

1.d4 f5 2.g3 Nf6 3.Bg2 g6 4.c4 Bg7 5.Nc3 d6 6.Nf3 O-O 7.O-O c6 8.Qc2 Na6 9.Bd2
Nh5 10.Rad1 f4 11.e3 fxg3 12.fxg3 Bg4 13.Ne2 Qd7 14.Bc3 Nc7 15.Nf4 Ne6 16.Nxh5
gxh5 17.d5 cxd5 18.cxd5 Nc5 19.Bxg7 Kxg7 20.b4 Na6 21.Ng5 Bf5 22.Be4 Bg4
23.Qc3+ Rf6 24.Rxf6 exf6 25.Rf1 Qe7 26.Bf5 Bxf5 27.Rxf5 Kg6 28.Ne6 Rg8 29.Qc2
Kh6 30.Qe4 Nc7 31.Rxh5+ {#r} 1-0

[Event "It (open) \"]
[Site "masterchessopen.com - Hlinsko (Czech Republic)"]
[Round "6"]
[White "Haba Petr (CZE)"]
[Black "Bibik Jura (RUS)"]
[Result "1-0"]
[WhiteElo "2485"]
[BlackElo "2288"]

1.d4 f5 2.g3 g6 3.Bg2 Bg7 4.Nf3 Nf6 5.O-O O-O 6.c4 d6 7.Nc3 c6 8.d5 e5 9.dxe6
Bxe6 10.Qd3 Qe7 11.Ng5 Na6 12.Bf4 Rfd8 13.Rad1 Ne8 14.Qe3 Nac7 15.Nd5 cxd5
16.cxd5 h6 17.Nxe6 g5 18.Nxc7 Qxc7 19.Qe6+ Qf7 20.Be3 Rd7 21.h4 gxh4 22.Bxh6
Re7 23.Qxf7+ Kxf7 24.Bg5 Rxe2 25.gxh4 Rc8 26.Rfe1 Rcc2 27.Rxe2 Rxe2 28.Bf3
Rxb2 29.Bh5+ Kf8 30.Rc1 Rb5 31.Rc8 Rb1+ 32.Kg2 {#r} 1-0

[Event "Ch France"]
[Site "masterchessopen.com - Nantes (France)"]
[Round "4"]
[White "Lamoureux Charles (FRA)"]
[Black "Prie Eric (FRA)"]
[Result "1-0"]
[WhiteElo "2380"]
[BlackElo "2445"]

1.d4 f5 2.c4 Nf6 3.g3 g6 4.Bg2 Bg7 5.Nf3 O-O 6.O-O d6 7.Nc3 c6 8.Qc2 Na6 9.d5
e5 10.dxe6 Bxe6 11.Nd4 Bf7 12.Rd1 Qe7 13.b3 Rad8 14.Ba3 c5 15.Nf3 Ne4 16.Bb2
Nb4 17.Qc1 Nxc3 18.Bxc3 Bxc3 19.Qxc3 Qxe2 20.a3 Na2 21.Qd3 Rfe8 22.Bf1 Qb2
23.Rdb1 Qxa3 24.Qd2 d5 25.Rxa2 dxc4 26.Rxa3 {#r} 1-0